00723 a2200205 4500010001400000020002300014035001300037037001500050082000600065090001700071100002500088245008300113260003700196270005800233300002200291490003500313942002100348999001700369952013100386 aENG-89247 c300.00a8181573463 aEN-72780 bDBAD / PUB14aN c10628d106281 aMaini, Darshan Singh1 aThe dream of power :cby Darshan Singh Mainibpolitical essays and critiques / aCalcuttabWriters Workshopc2005 a162/92, Lake Gardens,bCalcuttacWest Bengale700 045 a264p.c22cm (Hb) aWriters workshop greybird book adplcENkN / MAI c10339d10339 00102ddc40718NFICaDBADbDBADeDBAD/PUBg300.00l0oN MAIpEN-72780r2008-09-15 00:00:00t1u11381v300.00w2008-09-15yEN